| 000 | 00783nam a2200217Ii 4500 | ||
|---|---|---|---|
| 003 | JO-AjNU | ||
| 008 | 230605s9999||||xx |||||||||||||| ||und|| | ||
| 017 | _a1429/2039 | ||
| 020 | _a978-9960-14-170-1 | ||
| 040 |
_aJO-AjNU _bara _erda _cJO-AjNU |
||
| 041 | _aara | ||
| 050 | 1 | 4 | _aQA76.9.D32.H86 2008 |
| 100 | 3 |
_aالهميلي ، يوسف بن جاسم , _eauthor _927653 |
|
| 245 | 0 | 0 | _aتصمم وتطبيق نظم قواعد البيانات العلاقية |
| 264 | 3 | 1 | _aالرياض,مكتبة الملك فهد ، 2008 |
| 300 | _a516ص | ||
| 336 |
_atext _btxt _2rdacontent |
||
| 337 |
_aunmediated _bn _2rdamedia |
||
| 338 |
_avolume _bnc _2rdacarrier |
||
| 650 | 4 |
_aقواعد البيانات -ادارة قواعد البيانات -حواسيب- تصميم _927654 |
|
| 999 |
_aA10633 _c14201 _d14201 |
||